000 00632nam a2200229Ia 4500
003 OSt
005 20220927105220.0
006 a|||||r|||| 00| 0
007 ta
008 220926b |||||||| |||| 00| 0 eng d
024 _a188164
037 _cReference Collections
040 _aRTL
_cRTL
_beng
041 _2eng
_aeng
082 _a"X.1.P, M9/SC"
100 _aMaddison Angus
_9371060
245 0 _aWorld economy in the 20th century
260 _aParis
_bOECD
_c1989
300 _a147p
_ccm.
942 _h"X.1.P, M9/SC"
_cCC
999 _c691303
_d691303